Directorio de Sistemas y Servicios de Información de las Naciones Unidas /
Guardado en:
| Autor Corporativo: | |
|---|---|
| Formato: | Libro |
| Idioma: | Spanish |
| Publicado: |
Ginebra, Suiza :
JISI,
1978.
|
| Materias: | |
| Etiquetas: |
Agregar Etiqueta
Sin Etiquetas, Sea el primero en etiquetar este registro!
|
| LEADER | 01011nam a22002415a 4500 | ||
|---|---|---|---|
| 001 | EIQ.libpla001464 | ||
| 008 | 061020s1978####sz############001#0#spa#d | ||
| 005 | 20070813152839.0 | ||
| 245 | 0 | 0 | |a Directorio de Sistemas y Servicios de Información de las Naciones Unidas / |c Junta interorganizacional para sistemas de información (JISI). |
| 260 | |a Ginebra, Suiza : |b JISI, |c 1978. | ||
| 300 | |a 311 p. ; |c 28 cm. | ||
| 500 | |a Incluye índices. | ||
| 710 | 2 | |a Junta interorganizacional para sistemas de información. | |
| 650 | 4 | |a Sistemas de información |x Directorio. | |
| 650 | 4 | |a Servicios de información |z Naciones Unidas. | |
| 650 | 4 | |a Servicios de información |x Directorio. | |
| 650 | 4 | |a Sistemas de información |z Naciones Unidas. | |
| 650 | 4 | |a Information systems |x Directory. | |
| 650 | 4 | |a Information systems |z United states. | |
| 650 | 4 | |a Information services |z United states. | |
| 650 | 4 | |a Information services |x Directory. | |
| 040 | |a AR-BbSID |b spa |c AR-BbSID | ||
| 859 | |a AR-BbSID |b BIB. PLAPIQUI |h 658.4 |i N 113 |p 1448 | ||
